Nihonjin no seikatsu kōzō josetsu /
Saved in:
| Main Author: | |
|---|---|
| Format: | Book |
| Language: | Japanese |
| Published: |
Tōkyō :
Seishin Shobō,
Shōwa 35 [1960]
|
| Subjects: | |
| Tags: |
Add Tag
No Tags, Be the first to tag this record!
|
| LEADER | 00880nam a2200253ua 4500 | ||
|---|---|---|---|
| 001 | 007714523-2 | ||
| 005 | 20024617120653.0 | ||
| 008 | 910318s1960 ja a b 000 0 jpn d | ||
| 035 | 0 | |a ocm23878772 | |
| 040 | |a CSt |c CSt |d *YNH* |d CStRLIN | ||
| 043 | |a a-ja--- | ||
| 100 | 1 | |6 880-01 |a Gamō, Masao, |d 1927-1981. | |
| 245 | 1 | 0 | |6 880-02 |a Nihonjin no seikatsu kōzō josetsu / |c Gamō Masao cho. |
| 260 | |6 880-03 |a Tōkyō : |b Seishin Shobō, |c Shōwa 35 [1960] | ||
| 300 | |a 8, 299 p. : |b ill. ; |c 22 cm. | ||
| 504 | |a Includes bibliographical references. | ||
| 650 | 0 | |a Kinship |z Japan. | |
| 650 | 0 | |a Japanese |z Brazil |x Social conditions. | |
| 651 | 0 | |a Japan |x Social conditions. | |
| 880 | 1 | |6 100-01 |a 蒲生正男, |d 1927- | |
| 880 | 1 | 0 | |6 245-02 |a 日本人の生活構造序說/ |c 蒲生正男著. |
| 880 | |6 260-03 |a 東京: |b 誠信書房, |c 昭和 35 [1960] | ||
| 988 | |a 20021214 | ||
| 906 | |0 OCLC | ||


